000 00924cam a2200205 4500
001 ABS65466
008 020520n2002 000 0 eng u
035 _a(Sirsi) u118045
100 _aGraham, T
245 _aHow to build a successful management team
260 _c2002
490 _aCSM (Chartered Surveyor Monthly)
_vMay 2002,16-17(2)
520 _aA surveying practice needs effective and focused management to succeed. Reviews key team building issues: avoiding the top five management flaws; looking at the duties of the senior management team; the role of the finance team; managing for growth; working together and inner and outer teams. Concludes with a blueprint for a management team for a surving practice of £5-£50 million turnover.
590 _aABS
650 _aMANAGEMENT TEAM
650 _aSURVEYING PRACTICES
650 _aTEAMWORK
690 _aMANAGEMENT-BUSINESS MANAGEMENT
942 _n0
999 _c70288
_d70288